00718nam a2200229Ia 4500003000900000008004100009040001300050040001300063041000800076100001800084245008500102250001200187260000800199260000900207300001100216300001000227490002500237490000600262942000700268999001700275952019600292IT-RoPAU120407s9999 xx 000 0 und d aIT-RoPAU cIT-RoPAU aita aAntonio Da Re aL’etica tra felicità e dovere. L’attuale dibattito sulla filosofia pratica aBologna aEDB c1987 a200 p. c19 cm aEtica teologica oggi v8 cBK c28345d28345 00102ddc406170_15000000000000071aPAULUSbPAULUSd2012-04-11l0o170.15r2012-04-11 00:00:00w2012-04-11yBKzInserito da: Mario In data: 06 agosto 2011 fondo: Via A.Severo 56 Progr:17279